zpět

Detail výsledku týmu

Šnyt, Šternberk

Datum a čas kvízu

24.5 Celkem bodů Celkový počet nahraných bodů na tomto kvízu bez doplňovacích otázek.
4. Pořadí na kvízu Konečné umístění týmu na tomto kvízu.

Zaznamenané odpovědi

# Otázka Odpověď Body Výsledky
1. Novým generálním ředitelem Čes... Václav Nebeský 1
2. Ruská poslankyně Natalja Poklo... na Krym 0
3. Slavnostní otevření nové libeň... Kabát 0
4. V pondělí jsme se dozvěděli, ž... Thomas Cook 1
5. Čeští kajakáři i kajakářky zís... hlídky 1
6. V tomto tématu se podíváme na... Tábor, Šárka 1
7. Moderátorka a zpěvačka Emma Sm... Karel Oliva 1
8. Kterým slovem na pět písmen by... nažka 1
9. Po Bedřichu Smetanovi byl pojm... Merkur 0
10. Futuretro, Biorytmy, Kluci kde... Tata Bojs 0